20 najdroższych zawodników Serie A - Statystyki

Ogólne statystyki
  • Ten quiz został rozwiązany 43 razy
  • Średni wynik to 6 z 20
Statystyki odpowiedzi
Wartość (w milionach Euro) Piłkarz % Poprawnych
80 Lautaro Martinez
65%
50 Paulo Dybala
65%
50 Piotr Zieliński
63%
45 Cristiano Ronaldo
60%
100 Romelu Lukaku
55%
70 Federico Chiesa
50%
50 Theo Hernández
35%
48 Lorenzo Insigne
30%
55 Franck Kessié
23%
75 Matthijs de Ligt
23%
65 Nicolò Barella
23%
60 Milan Skriniar
20%
48 Kalidou Koulibaly
18%
70 Sergej Milinković-Savić
18%
50 Stefan de Vrij
18%
60 Alessandro Bastoni
15%
50 Victor Osimhen
15%
45 Hirving Lozano
10%
45 Fabián Ruiz
8%
45 Luis Alberto
8%
Nie znaleziono quizów pasujących do podanych kryteriów
Rozkład punktacji
Procent ludzi z każdym wynikiem
Percentyl według liczby udzielonych odpowiedzi
Twoja historia wyników
Nie rozwiązałeś tego quizu